Quemas controladas en pastizales : (Registro nro. 18045)
[ vista simple ]
| 000 -CABECERA | |
|---|---|
| Campo de control | 00962nam a22002417a 4500 |
| 005 - FECHA Y HORA DE LA ULTIMA TRANSACCION | |
| Campo de control | 20180803170216.0 |
| 008 - ELEMENTOS DE LONGITUD FIJA—INFORMACION GENERAL | |
| Campo de control | 160129b2013 ag ao |r|||| 00| 0 spa d |
| 020 ## - ISBN | |
| ISBN | 9789872203986 |
| 040 ## - FUENTE DE CATALOGACIÓN | |
| Agencia catalogadora original | CO-BoIAVH |
| Agencia transcriptora | CO-BoIAVH |
| 041 0# - IDIOMA | |
| Código de idioma para texto/pista de sonido o título separado | Español |
| 044 ## - PAÍS DE PUBLICACIÓN | |
| País de publicación | Argentina |
| 082 04 - NUMERO DE CLASIFICACION DECIMAL DEWEY | |
| Número de clasificación | 333.74 |
| Número del ítem | C35q |
| 100 1# - ASIENTO PRINCIPAL--NOMBRE PERSONAL | |
| Nombre personal | Castillo, Joaquín |
| 9 (RLIN) | 55364 |
| 245 10 - MENCION DE TITULO | |
| Título | Quemas controladas en pastizales : |
| Parte restante del título | una herramienta para el manejo de pastizales con fines productivos y conservacionistas / |
| Mención de responsabilidad | por Joaquín Castillo, Alejandro G. Di Giacomo y Gustavo D. Marino |
| 250 ## - MENCION DE EDICION | |
| Mención de edición | 1a. edición |
| 260 ## - PUBLICACION, DISTRIBUCION, ETC. (PIE DE IMPRENTA) | |
| Lugar de publicación, distribución, etc. | Buenos Aires (Argentina) : |
| Nombre del editor, distribuidor, etc. | Aves Argentinas - Asociación Ornitológica del Plata : |
| -- | Fundación Vida Silvestre, |
| Fecha de publicación, distribución, etc. | 2013. |
| 300 ## - DESCRIPCION FISICA | |
| Extensión | 20 páginas : |
| Otros detalles físicos | ilustraciones, fotografías a color ; |
| Dimensiones | 26 x 19 cm. |
| 650 #6 - ASIENTO SECUNDARIO DE MATERIA - TERMINO TEMATICO | |
| Término temático o nombre geográfico como elemento de entrada | Pastizales |
| 9 (RLIN) | 100483 |
| 650 #6 - ASIENTO SECUNDARIO DE MATERIA - TERMINO TEMATICO | |
| Término temático o nombre geográfico como elemento de entrada | Desarrollo regional |
| 9 (RLIN) | 93588 |
| 650 #6 - ASIENTO SECUNDARIO DE MATERIA - TERMINO TEMATICO | |
| Término temático o nombre geográfico como elemento de entrada | Quema controlada |
| 9 (RLIN) | 33785 |
| 700 1# - ASIENTO SECUNDARIO - NOMBRE PERSONAL | |
| Nombre personal | Marino, Gustavo D. |
| 9 (RLIN) | 55368 |
| 942 ## - ELEMENTOS ADICIONALES (KOHA) | |
| Sistema de clasificación | Dewey Decimal Classification |
| Tipo de ítem | Folleto |
| Withdrawn status | Lost status | Sistema de Clasificación | Damaged status | No para préstamo | Colección | Inventariado | Ubicación Permanente | Ubicación actual | Fecha de adquisición | Total Checkouts | Número topográfico | Inventario / Código de Barras | Date last seen | Ejemplar | Price effective from | Forma de adquisición | Tipo de material |
|---|---|---|---|---|---|---|---|---|---|---|---|---|---|---|---|---|---|
| Dewey Decimal Classification | General | Inventariado 2017 | Bogotá | Bogotá | 29/01/2016 | LB-333.74 C35q | 039637 | 29/01/2016 | Ej. 1 | 29/01/2016 | Folleto |